The BEST of Tom & Jerry kids [
| Format: | Book |
|---|---|
| Published: |
United State :
Turner Home Entertainment ,
1991
|
| Subjects: |
MARC
| LEADER | 00000cam a2200000 7i4500 | ||
|---|---|---|---|
| 001 | 0000000314 | ||
| 002 | 000000389 | ||
| 005 | 20000330.0 | ||
| 020 | |a 000000389 | ||
| 090 | 0 | 0 | |a JF |b BES |
| 245 | 0 | 4 | |a The BEST of Tom & Jerry kids [ |h videorecording] |
| 255 | |a Vol. 1 | ||
| 260 | |a United State : |b Turner Home Entertainment , |c 1991 | ||
| 300 | |a 1 videocassette VHS (56:00 min) : |b Col.(PAL) | ||
| 650 | 0 | 0 | |a Humourous fiction |x cartoons and caricatures |
| 999 | |a PV0117 |b VIDEO |c JUNIOR REFERENCE |e PERPUSTAKAAN KOMUNITI PETALING JAYA | ||